000 00687nam a2200289Ia 4500
005 20260324133040.0
008 008 260324s9999 xx 000 0 eng d
020 _a9781003086185
037 _aEBOOK
040 _aCRL
040 _beng
040 _cCRL
041 _2eng
041 _aeng
084 _qCRL
100 _aDon Handelman
_91191599
245 0 _aNationalism and the Israeli State
245 0 _bBureaucratic Logic In Public Events
260 _bTaylor and Francis
260 _c2004
365 _a
365 _b230
856 _uhttp://www.taylorfrancis.com/books/9781003086185
942 _cEBOOK
999 _c1790293
_d1790293